<?xml version="1.0" encoding="UTF-8"?>
<collection xmlns:xsi="http://www.w3.org/2001/XMLSchema-instance" xsi:schemaLocation="http://www.loc.gov/MARC21/slim http://www.loc.gov/standards/marcxml/schema/MARC21slim.xsd" xmlns="http://www.loc.gov/MARC21/slim">
 <record>
  <leader>00000cam a22000004i 4500</leader>
  <controlfield tag="001">UP-99796217612002533</controlfield>
  <controlfield tag="003">Buklod</controlfield>
  <controlfield tag="005">20160414105421.0</controlfield>
  <controlfield tag="006">a     r    |||| u|</controlfield>
  <controlfield tag="007">ta</controlfield>
  <controlfield tag="008">160414s2011    xx     d     r    |||| u|</controlfield>
  <datafield tag="020" ind1=" " ind2=" ">
   <subfield code="a">9781462509478 (pbk.)</subfield>
  </datafield>
  <datafield tag="035" ind1=" " ind2=" ">
   <subfield code="a">(iLib)UPD-00254214081</subfield>
  </datafield>
  <datafield tag="040" ind1=" " ind2=" ">
   <subfield code="a">DLC</subfield>
   <subfield code="d">DEDUC</subfield>
   <subfield code="e">rda</subfield>
  </datafield>
  <datafield tag="041" ind1="0" ind2=" ">
   <subfield code="a">eng</subfield>
  </datafield>
  <datafield tag="042" ind1=" " ind2=" ">
   <subfield code="a">DMLUC</subfield>
  </datafield>
  <datafield tag="090" ind1=" " ind2=" ">
   <subfield code="a">LB 1050.5</subfield>
   <subfield code="b">H37 2011</subfield>
  </datafield>
  <datafield tag="245" ind1="0" ind2="0">
   <subfield code="a">Handbook of reading interventions</subfield>
   <subfield code="c">edited by Rollanda E. O'Connor, Patricia F. Vadasy.</subfield>
  </datafield>
  <datafield tag="264" ind1=" " ind2="1">
   <subfield code="a">New York</subfield>
   <subfield code="b">The Guilford Press</subfield>
   <subfield code="c">[2011]</subfield>
  </datafield>
  <datafield tag="300" ind1=" " ind2=" ">
   <subfield code="a">xii, 436 pages</subfield>
   <subfield code="b">illustrations</subfield>
   <subfield code="c">27 cm</subfield>
  </datafield>
  <datafield tag="336" ind1=" " ind2=" ">
   <subfield code="a">text</subfield>
   <subfield code="2">rdacontent</subfield>
  </datafield>
  <datafield tag="337" ind1=" " ind2=" ">
   <subfield code="a">unmediated</subfield>
   <subfield code="2">rdamedia</subfield>
  </datafield>
  <datafield tag="338" ind1=" " ind2=" ">
   <subfield code="a">volume</subfield>
   <subfield code="2">rdacarrier</subfield>
  </datafield>
  <datafield tag="504" ind1=" " ind2=" ">
   <subfield code="a">Includes bibliographical references and indexes.</subfield>
  </datafield>
  <datafield tag="505" ind1="8" ind2=" ">
   <subfield code="a">Machine generated contents note:  1. Introduction, Patricia F. Vadasy and Rollanda E. O'Connor 2. Phoneme Awareness and the Alphabetic Principle, Rollanda E. O'Connor 3. Preschool Foundations for Reading and Writing Success, Theresa A. Roberts 4. Phases in Reading Words and Phonics Interventions, Louise Spear-Swerling 5. Morphemic Approaches for Reading Words, Terezinha Nunes and Peter Bryant 6. Teaching Spelling to Students with Learning Difficulties, Michael M. Gerber and Catherine Richards-Tutor 7. Making Vocabulary Interventions Engaging and Effective, Margaret G. McKeown and Isabel L. Beck 8. Fluency Problems: When, Why, and How to Intervene, Roxanne Hudson 9. Main Idea and Summarization Instruction to Improve Reading Comprehension, Asha K. Jitendra and Meenakshi Gajria 10. Metacognition to Improve Reading Comprehension, Janette K. Klingner, Ann Morrison, and Amy Eppolito 11. Teaching Narrative and Expository Text Structure to Improve Comprehension, Joanna P. Williams and Lisa S. Pao 12. Peer-Mediated Approaches, Mary Abbott, Charles R. Greenwood, Jay Buzhardt, Howard P. Wills, and Barbara Terry 13. Supplemental Reading Instruction by Paraeducators and Tutors: Recent Research and Applications, Patricia F. Vadasy 14. On the Comprehension and Production of Written Texts: Instructional Activities That Support Content-Area Literacy, Ralph P. Ferretti and Susan De La Paz 15. Cultural Aspects of Teaching Reading with Latino English Language Learners, Michael J. Orosco and Rollanda E. O'Connor 16. Teaching Older Students to Read, Rollanda E. O'Connor and Vanessa Goodwin.</subfield>
  </datafield>
  <datafield tag="520" ind1=" " ind2=" ">
   <subfield code="a">&quot;Comprehensive, authoritative, and designed for practical utility, this handbook presents evidence-based approaches for helping struggling readers and those at risk for literacy difficulties or delays. Leading experts explain how current research on all aspects of literacy translates into innovative classroom practices. Chapters include clear descriptions of effective interventions for word recognition, spelling, fluency, vocabulary, comprehension, and writing, complete with concrete examples and teaching scripts. Coverage also encompasses preschool literacy instruction and interventions for older readers, English language learners, and students with learning disabilities, as well as peer-mediated and tutoring approaches&quot;-- Provided by publisher.</subfield>
  </datafield>
  <datafield tag="520" ind1=" " ind2=" ">
   <subfield code="a">&quot;Comprehensive, authoritative, and designed for practical utility, this handbook presents evidence-based approaches for helping struggling readers and those at risk for literacy difficulties or delays. Leading experts explain how current research on all aspects of literacy translates into innovative classroom practices. Chapters include clear descriptions of effective interventions for word recognition, spelling, fluency, vocabulary, comprehension, and writing, complete with concrete examples and teaching scripts. Coverage also encompasses preschool literacy instruction and interventions for older readers, English language learners, and students with learning disabilities, as well as peer-mediated and tutoring approaches. Subject Areas/Keywords: adolescents, children, classrooms, comprehension, disabilities, elementary, instruction, learners, learning difficulties, literacy, readers, reading interventions, response to intervention, RTI, schools, secondary, special education, spelling, struggling, teaching, vocabulary, writing Audience: Reading specialists in PreK-10; classroom teachers and special educators; researchers and instructors in literacy&quot;--Provided by publisher.</subfield>
  </datafield>
  <datafield tag="650" ind1=" " ind2="0">
   <subfield code="a">Reading</subfield>
   <subfield code="x">Remedial teaching</subfield>
   <subfield code="v">Handbooks, manuals, etc.</subfield>
  </datafield>
  <datafield tag="700" ind1="1" ind2=" ">
   <subfield code="a">O'Connor, Rollanda E.</subfield>
   <subfield code="e">editor.</subfield>
  </datafield>
  <datafield tag="700" ind1="1" ind2=" ">
   <subfield code="a">Vadasy, Patricia</subfield>
   <subfield code="e">editor.</subfield>
  </datafield>
  <datafield tag="905" ind1=" " ind2=" ">
   <subfield code="a">FO</subfield>
  </datafield>
  <datafield tag="852" ind1="0" ind2=" ">
   <subfield code="a">UPD</subfield>
   <subfield code="b">DEDUC</subfield>
   <subfield code="h">LB 1050.5</subfield>
   <subfield code="i">H37 2011</subfield>
  </datafield>
  <datafield tag="942" ind1=" " ind2=" ">
   <subfield code="a">Book</subfield>
  </datafield>
 </record>
</collection>
